000
00203 a2200097 4500
001
1159
100
_a
Molloy, E.
245
_a
Newnes electrical pocket book
260
_a
_b
Newnes
_c
090
_c
721
_d
721
942
_a
NUST-CAE
_c
M
_c
33834
999
_c
236232
_d
236232